| 000 | 00739nam a22002537a 4500 | ||
|---|---|---|---|
| 001 | 0138 | ||
| 003 | DO-SdBNP | ||
| 005 | 20180403102537.0 | ||
| 007 | 0138 | ||
| 008 | 151005b2010 sp 00| 0 spa d | ||
| 040 |
_aBPMSU _bspa _cBPMSU |
||
| 092 |
_aXXXX _bXXXX |
||
| 100 | 1 | _aStevenson, Robert L. | |
| 245 | 0 | 3 |
_aLa isla del tesoro / _cRobert L. Stevenson ; ilustración Alfonso Cerón. |
| 260 |
_a[España] : _bEdiciones el pais, _bEdiciones B, _c2010. |
||
| 300 |
_a32 p. : _bil. ; _c30 cm. |
||
| 490 | 1 | _aJoyas literarias juveniles | |
| 521 | 1 | _aA partir de los 12 años | |
| 700 | 1 | _aCerón, Alfonso | |
| 830 | 0 | _aJoyas literarias juveniles | |
| 942 |
_2ddc _cBK |
||
| 945 | _aInventariado, 2018/ YL | ||
| 956 |
_aYngrid Lockward _b10 _cBPMSU |
||
| 999 |
_c8822 _d8822 |
||